|
|
|
|
| LEADER |
00799cam a2200229 7i4500 |
| 001 |
0000080433 |
| 005 |
20231208090000.0 |
| 090 |
0 |
0 |
|a BP165
|b .A43 1990
|
| 100 |
1 |
|
|a Albani, Muhammad Nasir al-Din
|
| 245 |
1 |
0 |
|a Daeif al-jami` al-saghir wa-ziyadatah (al-Fath al-kabir)
|c Muhammad Nasir al-din Albani.
|
| 250 |
|
|
|a al-Tab`ah assalisah.
|
| 264 |
|
|
|a Bayrut:
|b Al-Maktab al-Islami,
|c 1990.
|
| 300 |
|
|
|a 942 pages;
|c 25 cm.
|
| 336 |
|
|
|a text
|2 rdacontent
|
| 337 |
|
|
|a unmediated
|2 rdamedia
|
| 338 |
|
|
|a volume
|2 rdacarrier
|
| 500 |
|
|
|a Gift: Yayasan Heritage Kuwait
|
| 650 |
|
0 |
|a Islam
|
| 997 |
|
|
|a Education & Social Sciences, Faculty
|b Islamic Studies, Department
|
| 998 |
|
|
|a Islamic Studies, Degree
|
| 998 |
|
|
|a Islamic Studies, Diploma
|
| 999 |
|
|
|a 0000071572
|b BOK
|c OPEN SHELF
|e 1st Floor, Bestari Jaya
|